000 00645nam a2200229 a 4500
999 _c730
_d730
008 191022s2013 ii a|||g |||| 001 0 eng d
020 _a9788184872019
_cRs. 550.00
040 _aKO
_beng
041 0 _aeng
044 _aii
082 0 4 _223
_a660
_bAh48
100 1 _aAhluwalia, V. K.
245 1 0 _aGreen Chemistry :
_bA Textbook /
_cV. K. Ahluwalia
260 _aNew Delhi :
_bNarosa Publishing House Pvt Ltd,
_c2013
300 _aVarious pagination :
_bill. ;
_c24 cm.
504 _aIncludes index.
650 0 _aSustainable engineering
_vTextbooks
650 0 _aGreen technology
_vTextbooks
904 _aS_JOY
942 _cBK